| 000 | 00506nam a2200169 a 4500 | ||
|---|---|---|---|
| 005 | 20140412111323.0 | ||
| 008 | 001113s19uu xx 00 eng d | ||
| 020 | _a0-679-82262-3 | ||
| 050 |
_aER _bCh34 1992 |
||
| 245 |
_aChoo-choo, peek-a-boo / _cillustrated by Owain Bell. |
||
| 260 |
_aNew York : _bRandom House, _c1992. |
||
| 300 | _a[12] p. ; ill. | ||
| 500 | _aBased on the railway series by the Rev. W. Audrey" | ||
| 650 | _aEngines -- Stories | ||
| 650 | _aEngines -- Fiction | ||
| 999 |
_c104471 _d104471 |
||